WordPerfect for Windows : (Record no. 12831)

000 -LEADER
fixed length control field 00533aam a2200193 a 4500
020 ## - INTERNATIONAL STANDARD BOOK NUMBER
ISBN 0078810183 :
040 ## - CATALOGING SOURCE
Transcribing agency DLC
082 ## - DEWEY DECIMAL CLASSIFICATION NUMBER
Classification number 652 OSB 1992 A043 Or.
100 1# - MAIN ENTRY--AUTHOR NAME
Personal name Dyson, Steve
245 10 - TITLE STATEMENT
Title WordPerfect for Windows :
Remainder of title the complete reference /
260 ## - PUBLICATION, DISTRIBUTION, ETC. (IMPRINT)
Place of publication Berkeley :
Name of publisher Osborne McGraw-Hill,
Year of publication c1992
300 ## - PHYSICAL DESCRIPTION
Number of Pages xix, 763 p. :
Other physical details ill. ;
Dimensions 24 cm
500 ## - GENERAL NOTE
General note "Covers version 5.1"--Cover
500 ## - GENERAL NOTE
General note Includes index
650 #0 - SUBJECT ADDED ENTRY--TOPICAL TERM
Topical Term Word processing
700 1# - ADDED ENTRY--PERSONAL NAME
Personal name Fingerman, Daniel J
700 1# - ADDED ENTRY--PERSONAL NAME
Personal name Cobb, Stephen,
942 ## - ADDED ENTRY ELEMENTS (KOHA)
Koha item type សៀវភៅភាសាអង់គ្លេស
952 ## - LOCATION AND ITEM INFORMATION (KOHA)
Withdrawn status [LOCAL, KOHA] 0
952 ## - LOCATION AND ITEM INFORMATION (KOHA)
Withdrawn status [LOCAL, KOHA] 0
Holdings
Permanent Location Date acquired Koha item type Lost status Shelving location Barcode Current Location Full call number
Library Block A2017-08-17សៀវភៅភាសាអង់គ្លេស A043A16603Library Block A652 OSB 1992 A043 Or.
Library Block A2017-08-17សៀវភៅភាសាអង់គ្លេស   Library Block A652 OSB 1992 A043 Or.
មជ្ឈមណ្ឌលឯការនៃសាកលវិទ្យាល័យភូមិន្ទកសិកម្មចំការដូង

Powered by Koha